00217nam a2200085Ia 4500008004100000100003600041245003600077260000900113260000900122180219s9999 xx 000 0 und d aBegum A Jjahitha And Bhargava A 0aProfessionalization Of Teaching aAgra c2002